<?xml version="1.0" encoding="UTF-8"?><?xml-stylesheet type="text/xsl" href="static/style.xsl"?><OAI-PMH xmlns="http://www.openarchives.org/OAI/2.0/" xmlns:xsi="http://www.w3.org/2001/XMLSchema-instance" xsi:schemaLocation="http://www.openarchives.org/OAI/2.0/ http://www.openarchives.org/OAI/2.0/OAI-PMH.xsd"><responseDate>2026-04-17T02:59:36Z</responseDate><request verb="GetRecord" identifier="oai:www.recercat.cat:11351/6683" metadataPrefix="marc">https://recercat.cat/oai/request</request><GetRecord><record><header><identifier>oai:recercat.cat:11351/6683</identifier><datestamp>2025-10-24T08:25:55Z</datestamp><setSpec>com_2072_378064</setSpec><setSpec>com_2072_378040</setSpec><setSpec>col_2072_378075</setSpec></header><metadata><record xmlns="http://www.loc.gov/MARC21/slim" xmlns:dcterms="http://purl.org/dc/terms/" xmlns:xsi="http://www.w3.org/2001/XMLSchema-instance" xmlns:doc="http://www.lyncode.com/xoai" xsi:schemaLocation="http://www.loc.gov/MARC21/slim http://www.loc.gov/standards/marcxml/schema/MARC21slim.xsd">
   <leader>00925njm 22002777a 4500</leader>
   <datafield ind2=" " ind1=" " tag="042">
      <subfield code="a">dc</subfield>
   </datafield>
   <datafield ind2=" " ind1=" " tag="720">
      <subfield code="a">Plans-Rubió, Pedro</subfield>
      <subfield code="e">author</subfield>
   </datafield>
   <datafield ind2=" " ind1=" " tag="720">
      <subfield code="a">Jambrina-Albiach, Anna M.</subfield>
      <subfield code="e">author</subfield>
   </datafield>
   <datafield ind2=" " ind1=" " tag="720">
      <subfield code="a">Carmona-Parcerisa, Glòria</subfield>
      <subfield code="e">author</subfield>
   </datafield>
   <datafield ind2=" " ind1=" " tag="720">
      <subfield code="a">Jané-Checa, Mireia</subfield>
      <subfield code="e">author</subfield>
   </datafield>
   <datafield ind2=" " ind1=" " tag="720">
      <subfield code="a">Gascón, Pilar</subfield>
      <subfield code="e">author</subfield>
   </datafield>
   <datafield ind2=" " ind1=" " tag="720">
      <subfield code="a">Xarxa de farmàcies sentinella de Catalunya</subfield>
      <subfield code="e">author</subfield>
   </datafield>
   <datafield ind2=" " ind1=" " tag="720">
      <subfield code="a">Rabanal, Manel</subfield>
      <subfield code="e">author</subfield>
   </datafield>
   <datafield ind2=" " ind1=" " tag="720">
      <subfield code="a">Rius-Gavídia, Pilar</subfield>
      <subfield code="e">author</subfield>
   </datafield>
   <datafield ind2=" " ind1=" " tag="260">
      <subfield code="c">2021-12-13T12:40:06Z</subfield>
   </datafield>
   <datafield ind2=" " ind1=" " tag="260">
      <subfield code="c">2021-12-13T12:40:06Z</subfield>
   </datafield>
   <datafield ind2=" " ind1=" " tag="260">
      <subfield code="c">2021-01</subfield>
   </datafield>
   <datafield ind2=" " ind1=" " tag="520">
      <subfield code="a">Grip; Vigilància sindròmica; Farmàcies sentinella</subfield>
   </datafield>
   <datafield ind2=" " ind1=" " tag="520">
      <subfield code="a">Influenza; Syndromic surveillance; Sentinel pharmacies</subfield>
   </datafield>
   <datafield ind2=" " ind1=" " tag="520">
      <subfield code="a">Gripe; Vigilancia sindrómica; Farmacias centinela</subfield>
   </datafield>
   <datafield ind2=" " ind1=" " tag="520">
      <subfield code="a">RESUM&#xd;
Objectius. Analitzar les dades sobre la&#xd;
mediació dispensada i prescrita als&#xd;
pacients amb síndrome gripal en l’àmbit&#xd;
de la Xarxa de farmàcies sentinella de&#xd;
Catalunya durant la temporada de grip&#xd;
2019-2020.&#xd;
Mètodes. Es van analitzar les dades&#xd;
recollides per 35 farmàcies sentinella de&#xd;
Catalunya en el període del 31 de&#xd;
setembre de 2019 al 17 de maig de 2020. Es va utilitzar el programa IBMSPSS per analitzar les característiques&#xd;
dels casos de síndrome gripal declarats&#xd;
per les farmàcies sentinella i per&#xd;
determinar els percentatges de&#xd;
medicació dispensada i medicació&#xd;
prescrita en diferents grups de població.&#xd;
Resultats. Es van declarar 587 casos de&#xd;
síndrome gripal en el període d’estudi. El&#xd;
48,2% dels casos declarats van ser&#xd;
homes i el 51,8% van ser dones. El&#xd;
61,8% dels casos declarats es van&#xd;
detectar a la farmàcia comunitària, i el&#xd;
14,8% dels casos es van derivar a&#xd;
equips d’atenció primària. Les oficines&#xd;
de farmàcia van dispensar medicaments&#xd;
que contenien, únicament, paracetamol,&#xd;
ibuprofè àcid acetilsalicílic,&#xd;
antihistamínics o antitussígens al 80,3%&#xd;
dels pacients, i van dispensar alguna&#xd;
medicació al 98% dels pacients.&#xd;
Conclusions. El sistema d’informació&#xd;
sindròmica de grip basat en la Xarxa de&#xd;
farmàcies sentinella ha permès obtenir&#xd;
informació sobre la morbiditat per grip no&#xd;
assistida en centres de salut i sobre la&#xd;
medicació dispensada als pacients amb&#xd;
síndrome gripal a Catalunya.</subfield>
   </datafield>
   <datafield ind2=" " ind1=" " tag="520">
      <subfield code="a">Objetivos. Analizar los datos sobre la&#xd;
mediación dispensada y prescrita a los&#xd;
pacientes con síndrome gripal en el ámbito de la Red de farmacias centinela&#xd;
de Cataluña durante la temporada de&#xd;
gripe 2019-2020.&#xd;
Métodos. Se analizaron los datos&#xd;
recogidos por 35 farmacias centinela de&#xd;
Cataluña en el periodo del 31 de&#xd;
septiembre de 2019 al 17 de mayo de&#xd;
2020. Se utilizó el programa IBM-SPSS&#xd;
para analizar las características de los&#xd;
casos de síndrome gripal declarados por&#xd;
las farmacias centinela, y para&#xd;
determinar los porcentajes de&#xd;
medicación dispensada y medicación&#xd;
prescrita en diferentes grupos de&#xd;
población.&#xd;
Resultados. Se declararon 587 casos de&#xd;
síndrome gripal en el periodo de estudio.&#xd;
El 48,2% de los casos declarados fueron&#xd;
hombres y el 51,8% fueron mujeres. El&#xd;
61,8% de los casos declarados se&#xd;
detectaron en la farmacia comunitaria, y&#xd;
el 14,8% de los casos se derivaron a&#xd;
equipos de atención primaria. Las&#xd;
oficinas de farmacia dispensaron&#xd;
medicamentos que contenían,&#xd;
únicamente, paracetamol, ibuprofeno,&#xd;
ácido acetilsalicílico, antihistamínicos o&#xd;
antitusígenos al 80,3% de los pacientes, y&#xd;
dispensaron alguna medicación al 98% de&#xd;
los pacientes.&#xd;
Conclusiones. El sistema de información&#xd;
sindrómica de gripe basado en la Red de&#xd;
farmacias centinela ha permitido obtener&#xd;
información sobre la morbilidad por gripe &#xd;
no asistida en centros de salud, y sobre&#xd;
la medicación dispensada a los&#xd;
pacientes con síndrome gripal en&#xd;
Cataluña.</subfield>
   </datafield>
   <datafield ind2=" " ind1=" " tag="520">
      <subfield code="a">ABSTRACT&#xd;
Objectives. To analyse data on&#xd;
medication dispensed and prescribed to&#xd;
patients with influenza-like syndrome&#xd;
obtained from the Catalan sentinel&#xd;
pharmacy network during the 2019−2020&#xd;
influenza season.&#xd;
Methods. Data collected from cases of&#xd;
influenza-like syndrome reported by 35&#xd;
sentinel pharmacies of Catalonia during the&#xd;
period from September 31, 2019 to May&#xd;
17, 2020 were analysed. The IBM-SPSS&#xd;
software was used to analyse the&#xd;
characteristics of cases reported and to&#xd;
determine the percentages of medication&#xd;
dispensed and prescribed in different&#xd;
population groups.&#xd;
Results. A total of 587 cases of&#xd;
influenza-like syndrome were reported&#xd;
during the period of study. A total of&#xd;
48.2% of the cases reported were men&#xd;
and 51.8% were women. A total of&#xd;
61.8% of the cases reported were&#xd;
detected in the community pharmacy,&#xd;
and 14.8% of the cases were referred to&#xd;
primary care teams. The pharmacies&#xd;
dispensed medications including only&#xd;
paracetamol, ibuprofen, acetyl salicylic&#xd;
acid, antihistaminic or antitussives to&#xd;
80.3% of the patients, and dispensed a&#xd;
medication to 98% of the patients.&#xd;
Conclusions. The influenza syndromic&#xd;
surveillance system based on the&#xd;
sentinel pharmacy network has made it&#xd;
possible to obtain information on&#xd;
influenza morbidity not assisted in health&#xd;
centres, and on the medications&#xd;
dispensed to patients with influenza-like&#xd;
syndrome.</subfield>
   </datafield>
   <datafield ind1="8" ind2=" " tag="024">
      <subfield code="a">http://hdl.handle.net/11351/6683</subfield>
   </datafield>
   <datafield tag="653" ind2=" " ind1=" ">
      <subfield code="a">Medicaments antivírics</subfield>
   </datafield>
   <datafield tag="653" ind2=" " ind1=" ">
      <subfield code="a">Grip - Tractament</subfield>
   </datafield>
   <datafield tag="653" ind2=" " ind1=" ">
      <subfield code="a">Farmàcies</subfield>
   </datafield>
   <datafield tag="653" ind2=" " ind1=" ">
      <subfield code="a">DISEASES::Virus Diseases::RNA Virus Infections::Orthomyxoviridae Infections::Influenza, Human</subfield>
   </datafield>
   <datafield tag="653" ind2=" " ind1=" ">
      <subfield code="a">Other subheadings::Other subheadings::Other subheadings::/drug therapy</subfield>
   </datafield>
   <datafield tag="653" ind2=" " ind1=" ">
      <subfield code="a">HEALTH CARE::Health Care Facilities, Manpower, and Services::Health Facilities::Pharmacies</subfield>
   </datafield>
   <datafield tag="653" ind2=" " ind1=" ">
      <subfield code="a">ENFERMEDADES::virosis::infecciones por virus ARN::infecciones por Orthomyxoviridae::gripe humana</subfield>
   </datafield>
   <datafield tag="653" ind2=" " ind1=" ">
      <subfield code="a">Otros calificadores::Otros calificadores::Otros calificadores::/farmacoterapia</subfield>
   </datafield>
   <datafield tag="653" ind2=" " ind1=" ">
      <subfield code="a">ATENCIÓN DE SALUD::instalaciones, servicios y personal de asistencia sanitaria::centros sanitarios::farmacias</subfield>
   </datafield>
   <datafield ind2="0" ind1="0" tag="245">
      <subfield code="a">Medicaments dispensats als pacients amb síndrome gripal en l’àmbit de la Xarxa de farmàcies sentinella de Catalunya durant la temporada de grip 2019-2020</subfield>
   </datafield>
</record></metadata></record></GetRecord></OAI-PMH>